Countries Containing A - Four Minute Sprint - Statistics

General Stats
  • This quiz has been taken 256 times
    244 since last reset
  • The average score is 101 of 172
Answer Stats
country % Correct
Finland
94%
Australia
89%
Austria
89%
France
89%
Argentina
88%
Iceland
88%
Ireland
88%
United States
88%
Albania
85%
Canada
85%
Denmark
85%
Germany
85%
Norway
84%
Spain
84%
Brazil
83%
Andorra
82%
Colombia
82%
Russia
82%
Ecuador
81%
Bosnia and Herzegovina
80%
India
80%
Netherlands
80%
Paraguay
80%
Bolivia
78%
Croatia
78%
Estonia
78%
Guyana
78%
Latvia
78%
Bulgaria
77%
Italy
77%
Lithuania
77%
Portugal
77%
Uruguay
77%
Hungary
76%
Iran
76%
Panama
76%
China
75%
Iraq
75%
Malta
75%
Poland
75%
Romania
75%
Barbados
74%
Japan
74%
Monaco
74%
Armenia
73%
Guatemala
73%
Algeria
72%
Costa Rica
72%
Indonesia
72%
San Marino
72%
Antigua and Barbuda
70%
Bahamas
70%
Haiti
70%
New Zealand
70%
Afghanistan
69%
Dominica
69%
Israel
69%
Serbia
69%
Slovakia
69%
Venezuela
69%
Cuba
68%
Dominican Republic
68%
Jamaica
68%
Slovenia
68%
Suriname
68%
El Salvador
67%
Macedonia
67%
Palau
67%
Saint Lucia
67%
Switzerland
67%
Vatican City
67%
Belarus
66%
Nicaragua
66%
Samoa
66%
Ukraine
66%
Angola
65%
Moldova
65%
Nauru
65%
North Korea
65%
Saint Vincent and the Grenadines
65%
South Korea
65%
Grenada
64%
South Africa
64%
Honduras
63%
Jordan
63%
United Arab Emirates
63%
Sudan
61%
Pakistan
60%
Saudi Arabia
60%
Vanuatu
60%
Azerbaijan
59%
Chad
58%
Democratic Republic of the Congo
58%
Libya
58%
Saint Kitts and Nevis
58%
Tonga
58%
Trinidad and Tobago
58%
Mali
57%
Cambodia
56%
Guinea
56%
Georgia
55%
South Sudan
55%
Tuvalu
55%
Guinea-Bissau
53%
Mauritania
53%
Bhutan
52%
Kenya
52%
Laos
52%
Oman
52%
Papua New Guinea
52%
Bahrain
51%
Kazakhstan
51%
Kuwait
51%
Zambia
51%
Central African Republic
50%
Mongolia
50%
Nigeria
50%
Syria
50%
Ethiopia
49%
Ghana
49%
Marshall Islands
49%
Namibia
49%
Nepal
49%
Bangladesh
48%
Lebanon
48%
Malaysia
48%
Qatar
48%
Singapore
48%
Solomon Islands
48%
Thailand
48%
Taiwan
47%
Kiribati
45%
Vietnam
45%
Burma
44%
Malawi
44%
Tunisia
44%
Botswana
43%
Gambia
43%
Sri Lanka
43%
Cameroon
42%
Eritrea
42%
Rwanda
42%
Czechia
41%
Gabon
41%
Madagascar
41%
Liberia
39%
Somalia
39%
Burkina Faso
38%
Mauritius
38%
Micronesia
38%
Turkmenistan
38%
Cabo Verde
36%
Kyrgyzstan
36%
Uganda
36%
Equatorial Guinea
35%
Maldives
35%
São Tomé and Príncipe
35%
Zimbabwe
35%
Mozambique
34%
Tajikistan
34%
Tanzania
34%
Uzbekistan
34%
Senegal
33%
Swaziland
32%
Sierra Leone
27%
Aruba
11%
Cook Islands
11%
Faroe Islands
11%
Palestine
9%
Curaçao
8%
Greenland
6%
Sint Maarten
5%
No matching quizzes found
Score Distribution
Percent of People with Each Score
Percentile by Number Answered
Your Score History
You have not taken this quiz since the last reset